00350nam a22001217a 4500003000400000020001800004082001800022100002200040245004400062260007500106300001200181650003500193SGT a9780323376136 a617.695bD15A aAlex M. Greenberg aDental Implants: An Evolving Discipline aPhiladelphia, United StatesbElsevier - Health Sciences Divisionc2015 a175-343 aOral and Maxillofacial Surgery